000 00488nam a2200181Ia 4500
005 20250508155050.0
008 008 250505s9999 xx 000 0 eng d
037 _aTextual
040 _aFEDL
_beng
_cFEDL
041 _aeng
_2eng
084 _a630, NCE
_qFEDL
245 0 _aOrganizing agriculture circle
245 0 _cNational Council of Educational Research and Training
260 _c1964
300 _a20p.
942 _cTEXL
_h630, NCE
999 _c1353821
_d1353821